| 000 | 00780nam a2200229Ia 4500 | ||
|---|---|---|---|
| 003 | OSt | ||
| 005 | 20220925225233.0 | ||
| 006 | a|||||r|||| 00| 0 | ||
| 007 | ta | ||
| 008 | 220923b |||||||| |||| 00| 0 eng d | ||
| 020 |
_a9781783485741 _c2072.10 |
||
| 037 |
_b49963, 28/02/2017, Segment Book Distributors _cGeneral Book |
||
| 040 |
_aRTL _cRTL _beng |
||
| 041 |
_2eng _aeng |
||
| 082 | _aRxN26:g, Q6 | ||
| 100 |
_aSOUSSLOFF Catherine M _9292112 |
||
| 245 | 0 |
_aFaucaults on arts and letters _b Perspectives for twenty-first century |
|
| 260 |
_aLondon _bRowman & Littlefield _c2016 |
||
| 300 |
_axviii,227p. _ccm. |
||
| 942 |
_hRxN26:g, Q6 _cGB _2CC |
||
| 999 |
_c583133 _d583133 |
||